Jak Nike dobyla fitness centra

Marketingové aktivity spoločnosti Nike vo fitness centrách. Športové oblečenie pre ženy. Vytvorenie špeciálnej tanečnej choreografie Nike dance s americkým tanečníkom a choreografom Jamie Kingom. Televízne spoty Nike dance. Nike fitness club - hlavný komunikačný kanál.

Na minha lista:
Detalhes bibliográficos
Autor principal: Krejčí, Tereza
Formato: Capítulo de Livro
Idioma:tcheco
Assuntos:
Tags: Adicionar Tag
Sem tags, seja o primeiro a adicionar uma tag!

MARC

LEADER 00000naa$a2200000$$$4500
001 0110481
005 20231018131615.0
041 0 |a cze 
044 |a CZ 
245 1 0 |a Jak Nike dobyla fitness centra  |c Tereza Krejčí 
520 |a Marketingové aktivity spoločnosti Nike vo fitness centrách. Športové oblečenie pre ženy. Vytvorenie špeciálnej tanečnej choreografie Nike dance s americkým tanečníkom a choreografom Jamie Kingom. Televízne spoty Nike dance. Nike fitness club - hlavný komunikačný kanál. 
610 2 0 |a marketing 
610 2 0 |a reklama 
610 2 0 |a šport 
610 2 0 |a firmy 
610 2 0 |a odevy 
100 1 |a Krejčí, Tereza